000 00708nam a2200289Ia 4500
005 20260324113447.0
008 008 260324s9999 xx 000 0 eng d
020 _a9781003389880
037 _aEBOOK
040 _aCRL
040 _beng
040 _cCRL
041 _2eng
041 _aeng
084 _qCRL
100 _aSadriddin Ayni
_91146864
245 0 _aTajikistan’s National Epics
245 0 _bMuqanna's Rebellion and The Tajik People's Hero Temur Malik
260 _bTaylor and Francis
260 _c2023
365 _a
365 _b230
856 _uhttp://www.taylorfrancis.com/books/9781003389880
942 _cEBOOK
999 _c1736524
_d1736524